书目信息 |
| 题名: |
SAT&ACT短语及逗号用法,只要一本就掌握
|
|
| 作者: | 洪龙杓 主编 ;李光袆 译 | |
| 分册: | ||
| 出版信息: | 大连 大连理工大学出版社 2015 |
|
| 页数: | 149页 | |
| 开本: | 26cm | |
| 丛书名: | ||
| 单 册: | ||
| 中图分类: | G634.413 , H314 | |
| 科图分类: | ||
| 主题词: | 英语课--升学参考资料--语法--高中--美国 , 英语 | |
| 电子资源: | ||
| ISBN: | 978-7-5611-8931-3 | |
| 000 | 01354nam0 2200313 450 | |
| 001 | 212 | |
| 005 | 20161114090840.39 | |
| 010 | @a978-7-5611-8931-3@dCNY28.00 | |
| 100 | @a20150819d2015 em y0chiy50 ea | |
| 101 | 1 | @achi@ceng |
| 102 | @aCN@b210000 | |
| 105 | @ay z 000yy | |
| 200 | 1 | @aSAT&ACT短语及逗号用法,只要一本就掌握@9SAT&ACT duan yu ji dou hao yong fa , zhi yao yi ben jiu zhang wo@dThe only book for ldioms, expressions, and commas for SAT&ACT@zeng@f(韩)洪龙杓主编 |
| 210 | @a大连@c大连理工大学出版社@d2015 | |
| 215 | @a149页@d26cm | |
| 300 | @aSAT&ACT语法满分秘诀 | |
| 314 | @a译者:李光袆 | |
| 330 | @a本书可以帮助考生系统地学习在SAT、ACT写作问题中频繁出现的短语。在详细介绍每一个短语的意思之后,本书还提供了练习题供考生练习如何使用短语。在熟悉了这些短语之后,考生可以使用本书提供的基本上等同于SAT和ACT真题水平的练习题去测试自己对于这些短语的掌握程度,另外掌握这些短语同样可以帮助考生提高考试中的写作水平。 | |
| 510 | 1 | @aOnly book for ldioms, expressions, and commas for SAT&ACT@zeng |
| 606 | 0 | @a英语课@j升学参考资料@x语法@x高中@y美国 |
| 606 | 0 | @a英语 |
| 610 | 0 | @aSAT |
| 610 | 0 | @aACT |
| 690 | @aG634.413@v5 | |
| 690 | @aH314@v4 | |
| 701 | 0 | @a洪龙杓@9hong long biao@c(韩)@4主编 |
| 702 | 0 | @a李光袆@9li guang hui@4译 |
| 801 | 0 | @aCN@b大连网信软件有限公司图书馆·11@c20161114 |
| 905 | @aZUCC@dG634.413@e1202 | |
| SAT&ACT短语及逗号用法,只要一本就掌握=The only book for ldioms, expressions, and commas for SAT&ACT/(韩)洪龙杓主编.-大连:大连理工大学出版社,2015 |
| 149页;26cm |
| SAT&ACT语法满分秘诀 |
| ISBN 978-7-5611-8931-3:CNY28.00 |
| 本书可以帮助考生系统地学习在SAT、ACT写作问题中频繁出现的短语。在详细介绍每一个短语的意思之后,本书还提供了练习题供考生练习如何使用短语。在熟悉了这些短语之后,考生可以使用本书提供的基本上等同于SAT和ACT真题水平的练习题去测试自己对于这些短语的掌握程度,另外掌握这些短语同样可以帮助考生提高考试中的写作水平。 |
| ● |
| 相关链接 |
|
|
|
|
正题名:SAT&ACT短语及逗号用法,只要一本就掌握
索取号:G634.413/1202
 
预约/预借
| 序号 | 登录号 | 条形码 | 馆藏地/架位号 | 状态 | 备注 |
| 1 | 907337 | 209073376 | 第一样本阅览室/ [索取号:G634.413/1202] | 在馆 | |
| 2 | 907338 | 209073385 | 第四借阅区/ [索取号:G634.413/1202] | 在馆 | |
| 3 | 907339 | 209073394 | 第四借阅区/ [索取号:G634.413/1202] | 在馆 | |
| 4 | 907340 | 209073401 | 第四借阅区/ [索取号:G634.413/1202] | 在馆 | |
| 5 | 907341 | 209073410 | 第四借阅区/ [索取号:G634.413/1202] | 在馆 |